Geografia według obrazka na literę A - Statystyki

Ogólne statystyki
  • Ten quiz został rozwiązany 125 razy
  • Średni wynik to 10 z 18
Statystyki odpowiedzi
Obrazkowy Hint Odpowiedź % Poprawnych
miasto Ateny
99%
państwo Albania
95%
miejsce Antarktyda
95%
rzeka Amazonka
90%
miasto Amsterdam
72%
łańcuch górski Andy
71%
stan USA Arizona
68%
państwo Australia
68%
morze Adriatyckie
66%
region Andaluzja
54%
wyspa Alcatraz
46%
miasto Aleksandria
33%
góra Himalajów Annapurna
26%
świątynia Angkor Wat
25%
miasto Agra
18%
Azjatycka góra Ararat
18%
cmentarz Arlington
11%
Historyczne szkockie hrabstwo Argyll
0%
Nie znaleziono quizów pasujących do podanych kryteriów
Rozkład punktacji
Procent ludzi z każdym wynikiem
Percentyl według liczby udzielonych odpowiedzi
Twoja historia wyników
Nie rozwiązałeś tego quizu